| 000 | 01643nam a22002657a 4500 | ||
|---|---|---|---|
| 003 | Uzh_bibl | ||
| 008 | 260429b |||||||| |||| 00| 0 ukr d | ||
| 020 |
_a978-966-942-958-2 _c200.00 |
||
| 040 | _bукр. | ||
| 041 |
_2ukr _aukr |
||
| 080 | _a821(477) | ||
| 090 |
_a821(477) _bК 59 |
||
| 100 | _aКокотюха ,Андрій | ||
| 245 |
_aВигнанець і перевертень _cобкл. О. Скворчинської _hТекст |
||
| 260 |
_aХарків _bВіват _c2020 |
||
| 300 |
_a304 с. _fВ опр. |
||
| 490 | _aСерія "Художня література" | ||
| 520 | _aЗима 1913 року. Колишній київський слідчий, а тепер вигнанець Платон Чечель виконує в Харкові делікатне доручення. На запрошення господарів він приєднується до компанії гостей у їхньому маєтку. Починаються таємничі вбивства — один за одним гинуть гості. Здається, їхні смерті пояснити неможливо, адже загиблих нібито ніщо не повʹязує. Та що насправді криється за блискучим фасадом будинку мільйонерів? | ||
| 521 | _aДля широкого кола читачів | ||
| 546 | _aукр. | ||
| 650 | _aЛітературно-художнє видання | ||
| 653 |
_aТаємничі вбивства _aРозслідування |
||
| 655 |
_aДетектив _vРоман |
||
| 942 |
_2udc _cBK |
||
| 999 |
_c17554 _d17554 |
||